000 00266nam a2200109Ia 4500
008 200302s9999 xx 000 0 und d
100 _aSabube Thiel- Siling
245 _aIcons of Architecture 20th ed.
260 _bPrestel Verlag
260 _c1998
300 _a190 P.,
999 _c1114
_d1114